La transposición didáctica. Del saber sabio al saber enseñado
Gespeichert in:
| 1. Verfasser: | |
|---|---|
| Format: | Buch |
| Sprache: | Spanisch |
| Veröffentlicht: |
Buenos Aires, Argentina
Aique
1998
|
| Ausgabe: | Tercera edición |
| Schriftenreihe: | Psicología Cognitiva y Educación
|
| Schlagworte: | |
| Online-Zugang: | Disponible Online |
| Tags: |
Tag hinzufügen
Keine Tags, Fügen Sie den ersten Tag hinzu!
|
MARC
| LEADER | 00000cam a2200000 a 4500 | ||
|---|---|---|---|
| 001 | UCM7719 | ||
| 003 | CL-VaPUC | ||
| 005 | 20230412093024.0 | ||
| 008 | 030110e19980000AG |||||||||||||||||spa|d | ||
| 999 | |c 302402 |d 302400 | ||
| 020 | |a 9562820806 | ||
| 040 | |c Pontificia Universidad Católica de Valparaíso | ||
| 082 | 0 | 4 | |a 372.7 CHE 1998 |2 21 |
| 100 | 0 | |a Chevallard, Yves |e author |9 473349 | |
| 245 | 1 | 3 | |a La transposición didáctica. |b Del saber sabio al saber enseñado |
| 250 | |a Tercera edición | ||
| 260 | |a Buenos Aires, Argentina |b Aique |c 1998 | ||
| 300 | |a 196 páginas | ||
| 490 | 0 | |a Psicología Cognitiva y Educación | |
| 583 | |a last modification |c 20140429 03:11:04 |k Rodrigo Vera | ||
| 650 | 0 | |a Educación |9 258661 |x Epistemología | |
| 650 | 0 | |a Didáctica |9 369923 | |
| 650 | 0 | |a Sociología de la educación |9 260380 | |
| 856 | |u http://bibliografiadigital.pucv.cl.pucv.idm.oclc.org/index.php/bibliotecapucv/catalog/book/197 |y Disponible Online | ||
| 942 | |c BK |2 ddc | ||
| 945 | |d 20030110 00:00:00 |a cmena | ||
| 952 | |0 0 |1 0 |4 0 |6 372_700000000000000_CHE_1998 |7 0 |8 A |9 362905 |a BIBEDU |b BIBEDU |d 2019-11-21 |i 387396K |o 372.7 CHE 1998 |p 387396K |r 2019-11-21 |w 2019-11-21 |y BK |k LIT | ||
| 952 | |0 0 |1 0 |4 0 |6 372_700000000000000_CHE_1998 |7 0 |8 A |9 362906 |a FDOPOS |b FDOPOS |d 2019-11-21 |i 3910423 |o 372.7 CHE 1998 |p 3910423 |r 2025-01-22 |w 2019-11-21 |y BK |k MLA | ||
| 952 | |0 0 |1 0 |2 ddc |4 0 |6 372_700000000000000_CHE_1998 |7 0 |8 A |9 362907 |a BIBMAT |b BIBMAT |c E_DIDACT |d 2019-11-21 |i 400132K |l 2 |m 1 |o 372.7 CHE 1998 |p 400132K |r 2025-01-07 |s 2023-04-27 |w 2019-11-21 |y BK |k MAT | ||
| 952 | |0 0 |1 0 |3 erb |4 0 |6 372_700000000000000_CHE_1998 |7 0 |8 A |9 362908 |a BIBTEO |b BIBTEO |i 5071739 |o 372.7 CHE 1998 |p 5071739 |r 2025-01-17 |w 2019-11-21 |y BK |z Catalogado en:20140502 |k ICR | ||